Регионална библиотека "Любен Каравелов" - Русе

Трактор Т-150 К (Запис номер 60234)

MARC детайли
000 -Лидер
Контролно поле с фиксирана дължина nam a22 a 4500
003 - Код на организацията, давaща контролен номер
Контролно поле BLK
005 - Дата и час на последна редакция
Контролно поле 20221110101327.0
008 - Елементи от данни с фиксирана дължина
fixed length control field 180408b bul|||||r ||||||| ||bul||
010 ## - Наследен системен номер
LC control number KNG00064374000
040 ## - Източник на каталожния запис
Идентификатор на билиотеката - собственик на записа BLK
041 ## - Код за език
Код за езика на текст/звукозапис или на отделно заглавие Български
Код за езика КДБФ Български
080 ## - УДК
Текстов определител УДК Селскостопански трактори Вж и 629.114.2
УДК код - определител по УДК 631.372
УДК - код + определител 631.372
139 ## - Редно поле
Редна дума Трактор Т-150 К
Авторски знак Тр - Т 79
245 10 - Сведения за заглавието
Заглавие Трактор Т-150 К
Подзаглавни данни Устройство и експлоатация : Ръководство
Редно поле (дума) прев. от рус. Йордан Димитров.
257 ## - Страна на издаване
Страна на създаване/издаване СССР
260 ## - Област на издателските данни
Място на издаване, разпространение и проч. София
Име на издателя, разпространителя и проч. Земиздат
Година на издаване 1978
300 ## - Физическа характеристика
Страници 435 с.
Илюстрации и др. със сх., табл.
Размери/Мащаб 21 см
380 ## - Жанр
Жанр Селско стопанство
500 ## - Общи забележки
Забележка Ориг. загл. Трактор Т-150К. Устройсто и експлоатация
650 #4 - Допълнително описание по предмет – тема
Основно описание – тема или топоним Трактори - устройство и експлоатация
9 (RLIN) 289419
700 1# - Други автори (авторска отговорност)
Лично име Димитров, Йордан
Автороска отговорност (Описва отношението между автора и произведението) прев. от рус.
9 (RLIN) 369178
852 ## - Местоположение
Форматна сигнатура Цб 92434
856 4# - Електронен адрес и достъп
Електронен формат pdf - файл
Инструкция (цена за достъп) 0.00
Права за достъп disable
856 4# - Електронен адрес и достъп
Електронен формат pdf - файл
Инструкция (цена за достъп) 0.00
Права за достъп disable
999 ## - СИСТЕМНИ КОНТРОЛНИ НОМЕРА
Koha biblionumber 60234
Koha biblioitemnumber 60234
942 ## - АРТИКУЛИ
Вид на библиотечния материал Книги
Скрит в OPAC Не
Периодичен библиозапис Да
944 ## - СЪЗДАВАНЕ И РЕДАКЦИЯ на ЗАПИСА
Създаване/Редакция Създаване
Дата на регистрацията/редакция 13.06.2004
Служител, извършил регистрацията/редакцията Читалня
944 ## - СЪЗДАВАНЕ И РЕДАКЦИЯ на ЗАПИСА
Създаване/Редакция Редакция
Дата на регистрацията/редакция 2022-11-10
Служител, извършил регистрацията/редакцията ир
999 ## - СИСТЕМНИ КОНТРОЛНИ НОМЕРА
Koha biblioitemnumber 60234
Наличности
Код за отписване Код за изгубен артикул Източник на класификационната схема Код за повреда Коз за рестрикции Код за отдаване Артикулен № Име на библиотеката - собственик Име на библиотеката, в която се намира в момента Статус (Текущо местоположение) Дата на вписване в системата Местоположение - отдел Цена в лева Инвентарен номер Систематично азбучна сигнатура Баркод Номер на екземпляра Цена в евро Служебна бележка Служебен тип на артикула Бележка за публиката
Изтеглен Не е изгубен Universal Decimal Classification Не е повреден без рестрикции ползва се в читалня 99185 Регионална библиотека "Любен Каравелов" Русе Регионална библиотека "Любен Каравелов" Русе Читалня 1993-01-01 Читалня 1.29 260420 Ч 631.372/Т 79 260420 1 0.66 Дата инв: 20.03.2017 Бележки инв: Ч2017 Книги  
Изтеглен Не е изгубен   Не е повреден без рестрикции заемане за дома 99186 Регионална библиотека "Любен Каравелов" Русе Регионална библиотека "Любен Каравелов" Русе   1978-01-01 Заемна - подръчен фонд 1.29 260419 П 629.114.2/Т 79 260419 2 0.66 Дост: Pk Вид: Ф N: стар фонд Дата: 01.01.1978 Книги Отч.N: 26/2018 , Дата: 26.03.2018
  Не е изгубен Universal Decimal Classification Не е повреден само за читалня ползва се в читалня 99187 Регионална библиотека "Любен Каравелов" Русе Регионална библиотека "Любен Каравелов" Русе Хранилище 1978-01-01 Хранилище 1.29 260116 Цб 92434 120000260116 3 0.66 Дост: Dp Вид: Д N: стар фонд Дата: 01.01.1978 Книги  
Vip Innovations Ltd, Rousse, Bulgaria 2025